Enfermedades hemorrágicas : (Registro nro. 16350)
[ vista simple ]
| 000 -LEADER | |
|---|---|
| fixed length control field | 01357cam a2200313 a 4500 |
| 001 - CONTROL NUMBER | |
| control field | 16350 |
| 003 - CONTROL NUMBER IDENTIFIER | |
| control field | Mx-PuUPA |
| 005 - DATE AND TIME OF LATEST TRANSACTION | |
| control field | 20250716130342.0 |
| 008 - FIXED-LENGTH DATA ELEMENTS--GENERAL INFORMATION | |
| fixed length control field | 140415s1973 ag ad gr 000 0 spa d |
| 040 ## - CATALOGING SOURCE | |
| Original cataloging agency | Mx-PuUPA |
| Language of cataloging | spa |
| Transcribing agency | Mx-PuUPA |
| Modifying agency | Mx-PuUPA |
| Description conventions | rda |
| 041 1# - LANGUAGE CODE | |
| Language code of text/sound track or separate title | spa |
| Language code of original | ita |
| 100 1# - MAIN ENTRY--PERSONAL NAME | |
| Personal name | Gandolfo, Giuseppe M., |
| Relator term | autor |
| 9 (RLIN) | 17279 |
| 240 10 - UNIFORM TITLE | |
| Uniform title | Diagnostica di laboratorio delle malattie emorragiche. |
| Language of a work | Español |
| 245 10 - TITLE STATEMENT | |
| Title | Enfermedades hemorrágicas : |
| Remainder of title | diagnósticos de laboratorio / |
| Statement of responsibility, etc. | Giuseppe M. Gandolfo ; traducción efectuada por Irma Aurora Lorenzo |
| 264 #1 - PRODUCTION, PUBLICATION, DISTRIBUTION, MANUFACTURE, AND COPYRIGHT NOTICE | |
| Place of production, publication, distribution, manufacture | Buenos Aires : |
| Name of producer, publisher, distributor, manufacturer | Editorial Médica Panamericana, |
| Date of production, publication, distribution, manufacture, or copyright notice | ©1973 |
| 300 ## - PHYSICAL DESCRIPTION | |
| Extent | 238 páginas : |
| Other physical details | ilustraciones, gráficas ; |
| Dimensions | 23 cm |
| 336 ## - CONTENT TYPE | |
| Fuente | rdacontent |
| Content type term | texto |
| Content type code | txt |
| 337 ## - MEDIA TYPE | |
| Source | rdamedia |
| Media type term | sin medio |
| Media type code | n |
| 338 ## - CARRIER TYPE | |
| Source | rdacarrier |
| Carrier type term | volumen |
| Carrier type code | nc |
| 650 #7 - SUBJECT ADDED ENTRY--TOPICAL TERM | |
| Source of heading or term | armarc |
| Topical term or geographic name entry element | Enfermedades hemorrágicas |
| 650 #7 - SUBJECT ADDED ENTRY--TOPICAL TERM | |
| Source of heading or term | armarc |
| Topical term or geographic name entry element | Diagnóstico |
| 650 #7 - SUBJECT ADDED ENTRY--TOPICAL TERM | |
| Source of heading or term | armarc |
| Topical term or geographic name entry element | Hematología |
| 700 1# - ADDED ENTRY--PERSONAL NAME | |
| Personal name | Lorenzo, Irma Aurora, |
| Relator term | traductor |
| 765 0# - ORIGINAL LANGUAGE ENTRY | |
| Main entry heading | Gandolfo, Giuseppe M., |
| Place, publisher, and date of publication | Roma : Leonardo Edizioni Scientifiche, [Año de publicación no identificado] |
| Title | Diagnostica di laboratorio delle malattie emorragiche. |
| 942 ## - ADDED ENTRY ELEMENTS (KOHA) | |
| Source of classification or shelving scheme | Dewey Decimal Classification |
| Koha item type | Libro |
| Classification part | 616.157075 |
| Item part | G5518 |
| Withdrawn status | Lost status | Source of classification or shelving scheme | Damaged status | Not for loan | Collection code | Home library | Current library | Shelving location | Date acquired | Source of acquisition | Total Checkouts | Full call number | Barcode | Date last seen | Price effective from | Koha item type |
|---|---|---|---|---|---|---|---|---|---|---|---|---|---|---|---|---|
| Dewey Decimal Classification | General | Biblioteca Karol Wojtyla | Biblioteca Karol Wojtyla | Sala general | 03/12/2013 | Compra | 616.157075 G5518 1973 | 45017 | 05/01/2026 | 03/12/2013 | Libro |